Mr. Lauber 2017 Mentor Group Quiz Stats

Quiz not verified by Sporcle

Also try: 'Golden' Things
Challenge
Share
Tweet
Embed
Score 0/16 Timer 03:00
0 Plays Today
Hint Answer % Correct
Mentor:Paul Lauber
86.7%
Jack Stroligo
83.3%
Matty Reilly
76.7%
JP Cunningham
76.7%
Kelly Hughes
76.7%
Derek Bufano
66.7%
Jorge Gonzalez
63.3%
Quinn English
60%
Hint Answer % Correct
Andy Gonzalez
60%
Blackwell
53.3%
***James Gallagher
50%
Chidera Amadife
33.3%
Elijah Saez
30%
Ross Bonetti
26.7%
Ryan Caravello
26.7%
Nick Miraglia
26.7%

You're not logged in!

Compare scores with friends on all Sporcle quizzes.
Join for Free
OR
Log In

You Might Also Like...

Show Comments

Extras

Created Feb 16, 2017ReportNominate
Tags:2017, group, mentor

Top Quizzes Today


Score Distribution

Your Account Isn't Verified!

In order to create a playlist on Sporcle, you need to verify the email address you used during registration. Go to your Sporcle Settings to finish the process.

Report this User

Report this user for behavior that violates our Community Guidelines.

Details: